Statistics for Countries that would support the Blue states if US split into two

Click here to take the quiz!

General Stats

  • This quiz has been taken 24 times
  • The average score is 51 of 94

Answer Stats

HintAnswer% Correct
United Kingdom
95%
Canada
84%
Ireland
79%
Argentina
74%
France
74%
Mexico
74%
Brazil
68%
Denmark
68%
Germany
68%
Japan
68%
Norway
68%
Portugal
68%
South Africa
68%
South Korea
68%
Spain
68%
Sweden
68%
Armenia
63%
Australia
63%
Austria
63%
Belgium
63%
Chile
63%
Estonia
63%
Iceland
63%
Latvia
63%
Lithuania
63%
Netherlands
63%
New Zealand
63%
Peru
63%
1Albania
58%
Angola
58%
Bolivia
58%
Cuba
58%
Finland
58%
Greece
58%
Guyana
58%
Liberia
58%
Liechtenstein
58%
Luxembourg
58%
Monaco
58%
Namibia
58%
Taiwan
58%
Thailand
58%
Ukraine
58%
Uruguay
58%
94Venezuela
58%
Andorra
53%
Bulgaria
53%
Colombia
53%
Costa Rica
53%
Croatia
53%
Cyprus
53%
Czech Republic
53%
Eswatini
53%
Kazakhstan
53%
Malta
53%
North Macedonia
53%
Panama
53%
Philippines
53%
Romania
53%
Slovenia
53%
Sri Lanka
53%
Switzerland
53%
Botswana
47%
Fiji
47%
Lesotho
47%
Malaysia
47%
Moldova
47%
Nepal
47%
Nigeria
47%
Slovakia
47%
Tunisia
47%
Benin
42%
Bhutan
42%
Bosnia and Herzegovina
42%
Cape Verde
42%
Ethiopia
42%
Gambia
42%
Ghana
42%
Honduras
42%
Kosovo
42%
Montenegro
42%
Seychelles
42%
Sierra Leone
42%
Chad
37%
East Timor
37%
Guinea-Bissau
37%
Lebanon
37%
Mozambique
37%
Senegal
37%
Ivory Coast
32%
Mauritius
32%
Togo
32%
Rwanda
26%
Somalia
26%

Score Distribution

Percentile by Number Answered

Percent of People with Each Score

Your Score History

You have not taken this quiz